Statystyki dla Stolice Europy

Kliknij tutaj aby rozwiązać quiz!

Ogólne statystyki

  • Ten quiz został rozwiązany 5 razy
  • Średni wynik to 24 z 45

Odpowiedzi na mapie

Odpowiedzi skodowane kolorowo w zielono-czerwonej skali na mapie do tego quizu, zgodnie z poniższymi procentami.
 

Statystyki odpowiedzi

Odpowiedź% Poprawnych
Amsterdam
75%
Skopje
75%
Sztokholm
75%
Tallin
75%
Vaduz
75%
Valletta
75%
Warszawa
75%
Watykan
75%
Andora
50%
Ateny
50%
Belgrad
50%
Berlin
50%
Bratysława
50%
Bruksela
50%
Budapeszt
50%
Bukareszt
50%
Dublin
50%
Helsinki
50%
Kijów
50%
Kiszyniów
50%
Kopenhaga
50%
Lizbona
50%
Londyn
50%
Lublana
50%
Madryt
50%
Mińsk
50%
Monako
50%
Moskwa
50%
Oslo
50%
Paryż
50%
Podgorica
50%
Praga
50%
Ryga
50%
Rzym
50%
San Marino
50%
Sarajewo
50%
Sofia
50%
Tirana
50%
Wiedeń
50%
Wilno
50%
Zagrzeb
50%
Berno
25%
Luksemburg
25%
Prisztina
25%
Reykjavik
25%

Rozkład punktacji

Percentyl według liczby udzielonych odpowiedzi

Procent ludzi z każdym wynikiem

Twoja historia wyników

Nie rozwiązałeś tego quizu